00766nam a2200253 a 4500001001300000003000900013005001700022008004100039020001000080082001600090100002900106245005300135260004200188300000900230500003500239505001700274650001300291650001600304700002900320902000800349942000700357952013100364999001700495nice12345678IN_TiNIC20260116015338.0100205s1985 luca grp 000 0 eng  ac10000a297.82bNOM aNomani, Mohammad Manzoor aKhomeni, Iranian Revolution and the Shi`te Faith aLucknow bAl-Furqan Book Depot c1985 a198p aincludes index and biblioraphy2 abibliography aKhomeini aShiah-Islam1 aNomani, Mohammad Manzoor bSRS cBK 001040708StackRoom-aHMIbHMId2010-02-05g100.00l1o297.82 NOMp11002117r2019-02-27s2019-02-19v100.00w2010-02-05yBK c19318d19318